000 00691nam a2200265 i 4500
001 bg
100 1 _aWATCYN-JONES, Peter
245 1 0 _aTest your vocabulary - book 4 /
_cPeter Watcyn-Jones.
250 _aNew ed.
260 _aLondon :
_bPenguin Books,
_c1998.
300 _a89 s. :
_brys. ;
_c23 cm.
490 1 _aTest Your...
500 _aUpper intermediate.
650 9 _aJęzyk angielski
_xsłownictwo
655 _aPodręczniki
655 _aSprawdziany i testy
830 _aTest Your...
020 _a0140816178
040 _cBPK
041 0 _aen
080 _a811.111'37(07)
920 _a0-14-081617-8
942 _cKS
008 s pl f |000 0 pol
999 _c33833
_d33833